| 000 | 00840nam a2200229 i 4500 | ||
|---|---|---|---|
| 001 | 181472 | ||
| 003 | ES-MaACL | ||
| 005 | 20240502063051.0 | ||
| 008 | 130117s2010 pe |||| | spa d | ||
| 080 | _a821.111(73)-14"19" | ||
| 100 | 1 |
_aEliot, T. S., _d1888-1965 _946996 |
|
| 245 | 1 | 4 |
_aThe waste land = _bLa tierra agostada / _cT. S. Eliot ; edición y traducción de Ricardo Silva-Santisteban. |
| 250 | _aEd. para circulación privada. | ||
| 260 |
_a[Lima : _bRicardo Silva-Santisteban, _c2010] |
||
| 300 |
_a132 p. : _b1 retr. autor ; _c24 cm. |
||
| 546 | _aTexto en inglés y traducción en español. | ||
| 700 | 1 |
_aSilva-Santisteban, Ricardo. _9106408 |
|
| 740 | 3 | 2 | _aLa tierra agostada. |
| 852 | 4 |
_aES-MaACL _jA-12545 _9188373 _bR.148611 _cDEPO1 _dOlim: N-5548 |
|
| 942 |
_2udc _cMONOGRAFIA |
||
| 999 |
_c181472 _d181472 |
||